000 00318nam a22001337a 4500
008 170302b xxu||||| |||| 00| 0 eng d
020 _a9781416031949
041 _aeng
080 _a616.073
100 _a6
101 _aSHM
245 _aINTRODUCTION TO RADIOLOGIC SCIENCES PATIENT CARE
_cCARLTON.A
942 _2udc
_cBK
999 _c6542
_d6542